[Event "Julius Baer Rapid Div 2 W"]
[Site "chess.com INT"]
[Date "2023.08.31"]
[Round "2.4"]
[White "Amin, Bassem"]
[Black "Suleymanli, Aydin"]
[Result "1-0"]
[WhiteTitle "GM"]
[BlackTitle "GM"]
[WhiteElo "2684"]
[BlackElo "2586"]
[WhiteFideId "10601457"]
[BlackFideId "13413937"]
[EventDate "2023.08.30"]
[EventType "k.o."]

1. Nf3 d5 2. g3 Nf6 3. Bg2 e6 4. O-O Be7 5. d3 O-O 6. a3 a5 7. Nc3 d4 8. Nb5 e5
9. a4 Re8 10. e3 c6 11. Na3 dxe3 12. Bxe3 Nd5 13. Bd2 Bxa3 14. Rxa3 Bg4 15. h3
Bh5 16. Re1 Nd7 17. Qc1 f5 18. Bg5 Qc7 19. Nh4 f4 20. Nf5 h6 21. c4 Nb4 22. Be7
Bg6 23. Bd6 Qd8 24. Be4 Bxf5 25. Bxf5 fxg3 26. fxg3 c5 27. Rf1 Ra6 28. Bxd7 Qxd7
29. Bxc5 Nxd3 30. Qe3 e4 31. Bb6 Ne5 32. c5 Nc4 33. Qb3 Qc7 34. Qxc4+ 1-0

[Event "Julius Baer Rapid Div 2 W"]
[Site "chess.com INT"]
[Date "2023.08.31"]
[Round "2.4"]
[White "Sarana, Alexey"]
[Black "Aronian, Levon"]
[Result "1/2-1/2"]
[WhiteTitle "GM"]
[BlackTitle "GM"]
[WhiteElo "2685"]
[BlackElo "2742"]
[WhiteFideId "24133795"]
[BlackFideId "13300474"]
[EventDate "2023.08.30"]
[EventType "k.o."]

1. d4 d5 2. c4 c6 3. Nf3 Nf6 4. Nc3 dxc4 5. a4 Bf5 6. Ne5 Nbd7 7. Nxc4 Nb6 8.
Ne5 a5 9. e3 Nfd7 10. Nxf7 Kxf7 11. Qf3 e6 12. g4 g6 13. e4 Bb4 14. gxf5 exf5
15. exf5 Nf6 16. fxg6+ hxg6 17. Qd3 Qd5 18. Rg1 Qf5 19. h3 Nbd5 20. Qxf5 gxf5
21. Bd2 Rae8+ 22. Kd1 Rh4 23. Kc2 Rxd4 24. Bg5 Bc5 25. Rg3 Ne4 26. Nxe4 Rexe4
27. Rf3 f4 28. Rc1 Rxa4 29. h4 Rab4 30. Bd3 Re5 31. Bd8 a4 32. Rg1 1/2-1/2

[Event "Julius Baer Rapid Div 2 W"]
[Site "chess.com INT"]
[Date "2023.08.31"]
[Round "2.5"]
[White "Amin, Bassem"]
[Black "Suleymanli, Aydin"]
[Result "1-0"]
[WhiteTitle "GM"]
[BlackTitle "GM"]
[WhiteElo "2684"]
[BlackElo "2586"]
[WhiteFideId "10601457"]
[BlackFideId "13413937"]
[EventDate "2023.08.30"]
[EventType "k.o."]

1. Nf3 d5 2. g3 Nf6 3. Bg2 e6 4. O-O Be7 5. d3 O-O 6. a3 c5 7. Nbd2 Nc6 8. e4
dxe4 9. dxe4 e5 10. c3 Qc7 11. Qe2 h6 12. b4 Be6 13. Bb2 Rfd8 14. b5 Na5 15. c4
Rd4 16. Rfc1 Rad8 17. Bxd4 cxd4 18. Ne1 Nd7 19. Nd3 Nc5 20. Nxc5 Bxc5 21. Qd3
Rc8 22. Bf1 Qe7 23. Nb3 Bb6 24. Nd2 Qd6 25. Qb1 d3 26. Qxd3 Qxd3 27. Bxd3 Rd8
28. c5 Bxc5 29. Rxc5 Rxd3 30. Rc2 Bh3 31. a4 f6 32. f3 Be6 33. Kf2 Kf7 34. Ke2
Rd4 35. Rc7+ Kg6 36. Ra3 Rb4 37. f4 exf4 38. gxf4 f5 39. Rg3+ Kh5 40. Re7 Bc8
41. Rgxg7 fxe4 42. Rxe4 Bg4+ 43. Ke3 Rb2 44. f5 1-0

[Event "Julius Baer Rapid Div 2 W"]
[Site "chess.com INT"]
[Date "2023.09.01"]
[Round "3.1"]
[White "Nepomniachtchi, Ian"]
[Black "Amin, Bassem"]
[Result "1-0"]
[WhiteTitle "GM"]
[BlackTitle "GM"]
[WhiteElo "2779"]
[BlackElo "2684"]
[WhiteFideId "4168119"]
[BlackFideId "10601457"]
[EventDate "2023.08.30"]
[EventType "k.o."]

1. d4 Nf6 2. c4 g6 3. Nc3 Bg7 4. e4 d6 5. Be2 O-O 6. Nf3 e5 7. O-O Bg4 8. d5 a5
9. h3 Bd7 10. c5 dxc5 11. Nxe5 Nxe4 12. Nxe4 Bxe5 13. Bg5 f6 14. Bh6 Rf7 15.
Nxc5 Qe7 16. Rc1 Bxb2 17. Rc2 Ba3 18. Nxb7 Ba4 19. d6 Bxd6 20. Nxd6 Bxc2 21.
Qxc2 Qxd6 22. Rd1 Qe7 23. Qe4 1-0

[Event "Julius Baer Rapid Div 2 W"]
[Site "chess.com INT"]
[Date "2023.09.01"]
[Round "3.1"]
[White "Artemiev, Vladislav"]
[Black "Aronian, Levon"]
[Result "1-0"]
[WhiteTitle "GM"]
[BlackTitle "GM"]
[WhiteElo "2698"]
[BlackElo "2742"]
[WhiteFideId "24101605"]
[BlackFideId "13300474"]
[EventDate "2023.08.30"]
[EventType "k.o."]

1. c4 c5 2. Nf3 Nc6 3. Nc3 g6 4. e3 Nf6 5. d4 cxd4 6. exd4 d5 7. cxd5 Nxd5 8.
Bc4 Nb6 9. Bb3 Bg7 10. O-O O-O 11. d5 Na5 12. h3 Bxc3 13. bxc3 Nxb3 14. axb3
Qxd5 15. Qe2 Bf5 16. Bh6 Rfe8 17. Qb2 Qc6 18. c4 Qf6 19. Qxf6 exf6 20. Nd4 Bd7
21. Rfd1 Nc8 22. Nb5 Bxb5 23. cxb5 Nb6 24. g4 g5 25. Rd3 Kh8 26. Rd6 Re6 27.
Rad1 Rae8 28. Kg2 Kg8 29. Rd8 Nc8 30. R1d7 a6 31. Rxe8+ Rxe8 32. Rxb7 axb5 33.
Rxb5 Ne7 34. Kh2 Kh8 35. f4 gxf4 36. Rb7 Kg8 37. Bxf4 Kg7 38. Rb8 Rxb8 39. Bxb8
f5 40. gxf5 Kf6 41. b4 Kxf5 42. b5 Ke6 43. Kg3 Nd5 44. Kg4 Kd7 45. Be5 f6 46.
Bd4 Nc7 47. b6 Nd5 48. Kh5 Nf4+ 49. Kg4 Ne6 50. Be3 Ng7 51. Bh6 Ne8 52. Kf5 Kc6
53. Ke6 Nd6 54. h4 Nc4 55. Kxf6 Nxb6 56. Kg7 Kd7 57. Kxh7 Ke6 58. Kg6 Ke7 59. h5
Nd7 60. Kg7 Nf8 61. Bg5+ Ke8 62. Kg8 Ne6 63. Bf6 Nf4 64. h6 Ng6 65. h7 1-0

[Event "Julius Baer Rapid Div 2 W"]
[Site "chess.com INT"]
[Date "2023.09.01"]
[Round "3.2"]
[White "Amin, Bassem"]
[Black "Nepomniachtchi, Ian"]
[Result "0-1"]
[WhiteTitle "GM"]
[BlackTitle "GM"]
[WhiteElo "2684"]
[BlackElo "2779"]
[WhiteFideId "10601457"]
[BlackFideId "4168119"]
[EventDate "2023.08.30"]
[EventType "k.o."]

1. Nf3 Nf6 2. g3 d5 3. Bg2 e6 4. O-O Be7 5. d3 O-O 6. Re1 Nc6 7. a3 a5 8. Nc3 e5
9. e4 dxe4 10. dxe4 Be6 11. Bg5 h6 12. Bxf6 Bxf6 13. Nd5 Nd4 14. Nxf6+ Qxf6 15.
Nxd4 exd4 16. e5 Qd8 17. Bxb7 Rb8 18. Qf3 c5 19. b3 a4 20. b4 cxb4 21. axb4 Qc7
22. Bc6 Rxb4 23. Bxa4 Rc8 24. Qe4 Qc3 25. Qd3 Qxd3 26. cxd3 Bf5 27. Ra3 g5 28.
Bb3 Rc3 29. Ra8+ Kg7 30. Bd5 Rb5 31. Bc4 Rb7 32. Rd1 Bg4 33. Rda1 Bf3 34. Rd8
Rb2 35. Rd7 g4 36. Rxf7+ Kh8 37. Rf8+ Kg7 38. Rg8+ Kh7 39. e6 Rxc4 40. e7 Ra4
41. Rf1 Re2 42. e8=Q Rxe8 43. Rxe8 Ra3 44. h3 h5 45. Rfe1 Rxd3 46. R8e7+ Kg6 47.
R7e6+ Kg7 48. R6e5 Rc3 0-1

[Event "Julius Baer Rapid Div 2 W"]
[Site "chess.com INT"]
[Date "2023.09.01"]
[Round "3.2"]
[White "Aronian, Levon"]
[Black "Artemiev, Vladislav"]
[Result "0-1"]
[WhiteTitle "GM"]
[BlackTitle "GM"]
[WhiteElo "2742"]
[BlackElo "2698"]
[WhiteFideId "13300474"]
[BlackFideId "24101605"]
[EventDate "2023.08.30"]
[EventType "k.o."]

1. e4 c6 2. Nf3 d5 3. d3 Qc7 4. Nc3 dxe4 5. dxe4 Bg4 6. h3 Bxf3 7. Qxf3 e6 8. g3
Nd7 9. Bg2 Ngf6 10. O-O Bc5 11. Kh1 h5 12. Qe2 Bd4 13. Qc4 Qe5 14. Ne2 Bb6 15.
f4 Qc5 16. Qb3 Ng4 17. Bf3 O-O-O 18. Nc3 Qd4 19. Na4 Nc5 20. Nxb6+ axb6 21. Qxb6
Qc4 22. Kg1 Qxc2 23. hxg4 hxg4 24. Bg2 Rd3 25. Be3 Rxe3 26. Rac1 Qd2 27. Rcd1
Qc2 28. Qa5 Re2 29. Qa8+ Kc7 30. Qxh8 Rxg2+ 31. Kh1 Kb6 32. b4 Qxe4 33. Qd8+ Ka7
34. Qa5+ Na6 35. Qe5 Qc2 36. Qh5 Rxg3 37. Rg1 Rh3+ 0-1

[Event "Julius Baer Rapid Div 2 W"]
[Site "chess.com INT"]
[Date "2023.09.01"]
[Round "3.3"]
[White "Nepomniachtchi, Ian"]
[Black "Amin, Bassem"]
[Result "1/2-1/2"]
[WhiteTitle "GM"]
[BlackTitle "GM"]
[WhiteElo "2779"]
[BlackElo "2684"]
[WhiteFideId "4168119"]
[BlackFideId "10601457"]
[EventDate "2023.08.30"]
[EventType "k.o."]

1. e4 e5 2. Nf3 Nc6 3. Nc3 Nf6 4. d4 exd4 5. Nxd4 Bb4 6. Nxc6 bxc6 7. Bd3 d5 8.
exd5 cxd5 9. O-O O-O 10. Qf3 c6 11. h3 Re8 12. Bg5 h6 13. Bxf6 Qxf6 14. Qxf6
gxf6 15. Ne2 Rb8 16. b3 c5 17. Rad1 Re5 18. Ng3 Bc3 19. Ne2 Ba5 20. Ng3 Kf8 21.
f4 Re3 22. Kf2 Re7 23. Nf5 Bxf5 24. Bxf5 d4 25. Bd3 Re3 26. g3 Rbe8 27. Kg2 Be1
28. Rf3 h5 29. Rxe3 Rxe3 30. g4 h4 31. Bc4 Kg7 32. Rd3 Re2+ 33. Kf1 Re7 34. Rf3
Bg3 35. Kg2 f5 36. gxf5 Kf6 37. Bd3 Re8 38. Rf1 Re3 39. Rf3 Re8 40. Rf1 Be1 41.
Kf3 Re3+ 42. Kg4 Bg3 43. Rg1 Re8 44. Kf3 Re3+ 45. Kg4 Re8 46. Kf3 Re3+ 47. Kg4 1/2-1/2

[Event "Julius Baer Rapid Div 2 W"]
[Site "chess.com INT"]
[Date "2023.09.01"]
[Round "3.3"]
[White "Artemiev, Vladislav"]
[Black "Aronian, Levon"]
[Result "1/2-1/2"]
[WhiteTitle "GM"]
[BlackTitle "GM"]
[WhiteElo "2698"]
[BlackElo "2742"]
[WhiteFideId "24101605"]
[BlackFideId "13300474"]
[EventDate "2023.08.30"]
[EventType "k.o."]

1. d4 Nf6 2. Nf3 g6 3. g3 Bg7 4. Bg2 O-O 5. O-O d6 6. Nc3 Nbd7 7. a4 c6 8. a5
Rb8 9. e4 e5 10. dxe5 dxe5 11. Be3 Re8 12. Nd2 b5 13. axb6 axb6 14. Nc4 Bf8 15.
Ra7 b5 16. Nd6 Re6 17. Nxc8 Rxc8 18. Qa1 Rd6 19. Bh3 Rb8 20. f3 Rd4 21. Ne2 Bc5
22. Nxd4 exd4 23. Bf4 d3+ 24. Kh1 Bxa7 25. Qxa7 dxc2 26. Qf2 Qb6 27. Qxc2 Re8
28. b4 c5 29. Rd1 Qa7 30. bxc5 Nxc5 31. Be3 Qa4 32. Qxa4 Nxa4 33. Rd6 Nh5 34.
Ra6 f5 35. Bf1 Nc3 36. Bd4 Rc8 37. Bxc3 Rxc3 38. Bxb5 fxe4 39. fxe4 Re3 40. Bc4+
Kg7 41. Ra7+ Kh6 42. Re7 Nf6 43. e5 Ng4 44. Bg8 Kg5 45. h4+ Kf5 46. Be6+ Ke4 47.
Bxg4 Rxg3 48. Bc8 Rc3 49. Bb7+ Kf5 50. Kg2 Rc5 51. e6 Kf6 52. Rxh7 Kxe6 53. Be4
Rh5 54. Ra7 Rxh4 55. Kf3 g5 56. Ra6+ Kf7 57. Ke3 Rf4 58. Kd4 Rf6 59. Ra5 g4 60.
Rg5 Ke7 61. Rxg4 Rd6+ 62. Bd5 Kf6 63. Ke4 Ra6 64. Rf4+ Kg5 65. Rf5+ Kg4 66. Rf8
Rg6 67. Bf7 Rg7 68. Be6+ Kg5 69. Ke5 Rg6 70. Rf1 Rg7 71. Bf7 Kh6 72. Rh1+ Kg5
73. Ke6 Kf4 74. Rf1+ Ke3 75. Bh5 Rg5 76. Rh1 Kd4 77. Rh4+ Ke3 78. Kf6 Rc5 79.
Bf7 Rb5 80. Be8 Rc5 81. Ke6 Ra5 82. Bc6 Rg5 83. Bd5 Rg3 84. Kf5 Kd2 85. Ke4 Kc3
86. Rh8 Rg4+ 87. Ke3 Rg3+ 88. Bf3 Rg5 89. Rc8+ Kb4 90. Kd4 Rb5 91. Rc1 Rb6 92.
Bd5 Kb5 93. Rc2 Kb4 94. Bc6 Ka5 95. Kd5 Rb1 96. Rc4 Rb4 97. Rc5+ Kb6 98. Kd6 Rb2
99. Bd5 Rb5 100. Rc8 Ka5 101. Bc6 Rb2 102. Be4 Kb4 103. Bd5 Rd2 104. Rc4+ Kb3
105. Rh4+ Kc3 106. Kc5 Rd3 107. Ra4 Kd2 108. Kc4 Rc3+ 109. Kd4 Rd3+ 110. Ke5 Kc3
111. Rc4+ 1/2-1/2

[Event "Julius Baer Rapid Div 2 W"]
[Site "chess.com INT"]
[Date "2023.09.02"]
[Round "4.1"]
[White "Nepomniachtchi, Ian"]
[Black "Artemiev, Vladislav"]
[Result "1-0"]
[WhiteTitle "GM"]
[BlackTitle "GM"]
[WhiteElo "2779"]
[BlackElo "2698"]
[WhiteFideId "4168119"]
[BlackFideId "24101605"]
[EventDate "2023.08.30"]
[EventType "k.o."]

1. e4 e5 2. Nf3 Nc6 3. Bc4 Nf6 4. d3 Be7 5. O-O O-O 6. Nc3 d6 7. a4 a5 8. h3 h6
9. Ne2 Be6 10. Bxe6 fxe6 11. c3 d5 12. Ng3 Nd7 13. Be3 Nc5 14. Bxc5 Bxc5 15. Qb3
Bb6 16. Rae1 Rxf3 17. gxf3 Qd7 18. exd5 exd5 19. d4 Rf8 20. Kg2 Qf7 21. f4 exf4
22. Nh1 Ne7 23. f3 Nf5 24. Rf2 Ne3+ 25. Kh2 Qh5 26. Rg1 Rf5 27. Rg4 Qf7 28. Re2
Rf6 29. Nf2 Re6 30. Kg1 Kh8 31. Qb5 Nxg4 32. Rxe6 Qxe6 33. hxg4 Kg8 34. Kf1 Kf7
35. Nd3 g5 36. Ne5+ Kg7 37. b4 axb4 38. a5 bxc3 39. axb6 c2 40. Qc5 Qxb6 41.
Qxc2 Kg8 42. Kg2 Kh8 43. Qf5 1-0

[Event "Julius Baer Rapid Div 2 W"]
[Site "chess.com INT"]
[Date "2023.09.02"]
[Round "4.2"]
[White "Artemiev, Vladislav"]
[Black "Nepomniachtchi, Ian"]
[Result "1/2-1/2"]
[WhiteTitle "GM"]
[BlackTitle "GM"]
[WhiteElo "2698"]
[BlackElo "2779"]
[WhiteFideId "24101605"]
[BlackFideId "4168119"]
[EventDate "2023.08.30"]
[EventType "k.o."]

1. d4 Nf6 2. c4 e6 3. Nc3 Bb4 4. Qc2 O-O 5. a3 Bxc3+ 6. Qxc3 d5 7. Bg5 dxc4 8.
Qxc4 b6 9. Rd1 Ba6 10. Qa4 h6 11. Bh4 Qd7 12. Qc2 c5 13. Bxf6 gxf6 14. dxc5 Qe7
15. cxb6 Rc8 16. Qb3 Nc6 17. e4 Bxf1 18. b7 Ba6 19. bxa8=Q Rxa8 20. Qg3+ Kh7 21.
Qd6 Qb7 22. Qd7 Qxb2 23. Qxc6 Qxa3 24. Ne2 Rc8 25. Qd7 Qb4+ 26. Kf1 Kg7 27. Kg1
Bxe2 28. Qxc8 Bxd1 29. h4 Qxe4 30. Rh3 Bg4 31. Rg3 h5 32. f3 Qf4 33. Kh2 f5 34.
fxg4 hxg4 35. Qc3+ Kh7 36. Qf6 Qc7 37. Qc3 Qd8 38. h5 Qh4+ 39. Kg1 f4 40. Rd3 g3
41. Qc6 Qh2+ 42. Kf1 Qh1+ 43. Ke2 Qxh5+ 44. Kd2 Qe5 45. Qc2 Kh6 46. Qc3 Qxc3+
47. Rxc3 e5 48. Ke2 Kg5 49. Rc7 f5 50. Rg7+ Kf6 51. Rxa7 e4 52. Ra8 Kg5 53. Rh8
Kf6 54. Rg8 Kf7 55. Rh8 Kf6 56. Rh5 Kg6 57. Rh1 Kf6 58. Kd2 Kg5 59. Rh8 Kf6 60.
Ke2 Kg6 61. Rg8+ Kf6 62. Kd2 Kf7 63. Ra8 Kf6 64. Ra2 Kg5 65. Ke2 Kf6 66. Ra6+
Kg5 67. Re6 Kh5 68. Ke1 Kg5 69. Re8 Kf6 70. Rf8+ Kg6 71. Kd2 Kg5 72. Ke2 Kg6 73.
Kd1 Kg5 74. Kd2 Kg6 75. Kc3 Kg5 76. Kd4 f3 77. gxf3 exf3 78. Ke3 f2 79. Ke2 Kg4
80. Rg8+ Kh3 81. Kf1 f4 82. Rf8 Kg4 83. Kg2 Kg5 84. Rg8+ Kf5 85. Ra8 Kg4 86. Ra4
Kf5 87. Ra1 Kg4 88. Ra3 Kf5 89. Kf1 Kg4 90. Rb3 Kh3 91. Rb8 Kg4 92. Kg2 Kf5 93.
Rb1 Ke4 94. Ra1 Ke3 95. Ra3+ Ke4 96. Rb3 Kf5 97. Rb8 Ke4 98. Re8+ Kf5 99. Re7
Kg4 100. Rf7 Kg5 101. Kf1 Kg4 102. Ke2 Kg5 103. Rg7+ Kf5 104. Rg8 Kf6 105. Ra8
Kf5 106. Ra5+ Kg4 107. Kf1 Kf3 108. Rg5 Ke3 109. Rg8 Kf3 110. Rg6 Ke3 111. Rg5
Kf3 112. Rg8 Ke3 113. Rf8 Kf3 114. Rg8 Ke3 115. Re8+ Kf3 116. Rg8 1/2-1/2

[Event "Julius Baer Rapid Div 2 W"]
[Site "chess.com INT"]
[Date "2023.09.02"]
[Round "4.3"]
[White "Nepomniachtchi, Ian"]
[Black "Artemiev, Vladislav"]
[Result "1-0"]
[WhiteTitle "GM"]
[BlackTitle "GM"]
[WhiteElo "2779"]
[BlackElo "2698"]
[WhiteFideId "4168119"]
[BlackFideId "24101605"]
[EventDate "2023.08.30"]
[EventType "k.o."]

1. e4 e5 2. Nf3 Nc6 3. Bc4 Nf6 4. d3 h6 5. a4 d6 6. a5 g6 7. a6 b6 8. Nc3 Bg7 9.
O-O O-O 10. h3 Be6 11. Re1 Kh7 12. Be3 d5 13. exd5 Nxd5 14. Bd2 Nxc3 15. Bxc3
Bxc4 16. dxc4 Qxd1 17. Raxd1 Rad8 18. Rxd8 Rxd8 19. Bxe5 Bxe5 20. Nxe5 Re8 21.
f4 f6 22. Nd3 Rxe1+ 23. Nxe1 Nb4 24. Kf2 Nxa6 25. Nd3 Kg7 26. Ke3 Kf7 27. Kd4
Ke6 28. c5 Nb8 29. cxb6 axb6 30. g4 Nc6+ 31. Ke3 f5 32. g5 h5 33. c4 Kd6 34. b4
Ne7 35. Ne5 b5 36. cxb5 Nd5+ 37. Kf3 Ne7 38. Ke2 Ke6 39. Kd3 Nd5 40. Nxg6 Kf7
41. Kd4 Nxb4 42. Ne5+ Ke6 43. Nd3 Nc2+ 44. Kc5 Ke7 45. Nb4 Ne1 46. Kc6 Ng2 47.
Nd5+ Kd8 48. g6 1-0

[Event "Julius Baer Rapid Div 2 W"]
[Site "chess.com INT"]
[Date "2023.09.03"]
[Round "5.1"]
[White "Nepomniachtchi, Ian"]
[Black "Aronian, Levon"]
[Result "1-0"]
[WhiteTitle "GM"]
[BlackTitle "GM"]
[WhiteElo "2779"]
[BlackElo "2742"]
[WhiteFideId "4168119"]
[BlackFideId "13300474"]
[EventDate "2023.08.30"]
[EventType "k.o."]

1. d4 d5 2. c4 c6 3. Nf3 Nf6 4. e3 Bg4 5. h3 Bxf3 6. Qxf3 e6 7. Nc3 Nbd7 8. Bd3
Bb4 9. O-O O-O 10. Rd1 Re8 11. a3 Bxc3 12. bxc3 e5 13. Bf1 e4 14. Qg3 Nb6 15.
cxd5 cxd5 16. a4 Nc4 17. Ba3 Rc8 18. Bb4 a5 19. Ba3 Re6 20. Rdb1 b6 21. Rb5 Rec6
22. Bxc4 Rxc4 23. Bd6 Rxc3 24. Be5 Ne8 25. Qg4 R8c6 26. Bg3 g6 27. Rab1 h5 28.
Qf4 g5 29. Qe5 h4 30. Rxd5 hxg3 31. fxg3 Qc8 32. Qxg5+ Rg6 33. Qf4 Nf6 34. Rf5
Kg7 35. Rbb5 Rd3 36. Kh2 Rd1 37. Rxf6 Rxf6 38. Rg5+ Rg6 39. Qe5+ f6 40. Qe7+ Kh6
41. Rxg6+ Kxg6 42. Qxe4+ f5 43. Qe7 Rc1 44. d5 Rc7 45. Qd6+ Kh7 46. Qxb6 Rg7 47.
Qf6 Qc7 48. Qxf5+ Kg8 49. Qf3 Qe5 50. e4 Rg6 51. h4 Kg7 52. Kh3 Qf6 53. Qe3 Qa1
54. g4 Qe5 55. g5 Kh7 56. Kg4 Rg7 57. Qf3 Re7 58. Qf5+ Qxf5+ 59. Kxf5 Rb7 60. d6
Rb4 61. Ke5 Kg7 62. d7 Rb8 63. Ke6 Kf8 64. Kd6 Ra8 65. g6 Ra6+ 66. Kc7 Ra7+ 67.
Kc6 Ke7 68. g7 Ra6+ 69. Kc7 Ra7+ 70. Kb8 1-0

[Event "Julius Baer Rapid Div 2 W"]
[Site "chess.com INT"]
[Date "2023.09.03"]
[Round "5.2"]
[White "Aronian, Levon"]
[Black "Nepomniachtchi, Ian"]
[Result "0-1"]
[WhiteTitle "GM"]
[BlackTitle "GM"]
[WhiteElo "2742"]
[BlackElo "2779"]
[WhiteFideId "13300474"]
[BlackFideId "4168119"]
[EventDate "2023.08.30"]
[EventType "k.o."]

1. e4 e5 2. Nf3 Nf6 3. Nxe5 d6 4. Nf3 Nxe4 5. Nc3 Nxc3 6. dxc3 Be7 7. Be3 Nd7 8.
Qd2 O-O 9. O-O-O Nf6 10. Bd3 Re8 11. Rhe1 Bg4 12. h3 Bxf3 13. gxf3 d5 14. h4 Bf8
15. Rg1 Kh8 16. h5 h6 17. Rg2 Re5 18. f4 Rxh5 19. Bd4 Qd6 20. Be5 Rxe5 21. fxe5
Qxe5 22. Re1 Qh5 23. Kb1 Bd6 24. Reg1 g5 25. f3 Qh4 26. f4 Qxf4 27. Qd1 Qe3 28.
Re2 Qb6 29. Qf1 Bf4 30. Rh1 Kg7 31. a3 Re8 32. Rg2 Qd6 33. Qf2 c5 34. Rh4 Be3
35. Qf3 c4 36. Bf5 Re5 37. Rh1 Bf4 38. Qh3 h5 39. Rf1 Re3 40. Qh1 Qe5 41. Qg1
Kh6 42. Ka2 h4 43. Bc8 b6 44. Qh1 Nh5 45. Rd1 Nf6 46. Rf2 Ne4 47. Rf3 Re2 48.
Bb7 Rxc2 49. Rxd5 Nxc3+ 50. Rxc3 Qxc3 51. Rb5 Be5 0-1

[Event "Julius Baer Rapid Div 2 W"]
[Site "chess.com INT"]
[Date "2023.09.03"]
[Round "5.3"]
[White "Nepomniachtchi, Ian"]
[Black "Aronian, Levon"]
[Result "1/2-1/2"]
[WhiteTitle "GM"]
[BlackTitle "GM"]
[WhiteElo "2779"]
[BlackElo "2742"]
[WhiteFideId "4168119"]
[BlackFideId "13300474"]
[EventDate "2023.08.30"]
[EventType "k.o."]

1. e4 c5 2. c3 e6 3. d4 d5 4. exd5 Qxd5 5. Nf3 Nf6 6. Na3 Nc6 7. Be3 cxd4 8. Nb5
Qd7 9. Nbxd4 Bd6 10. Nxc6 bxc6 11. Qc2 Qc7 12. Bd3 c5 13. O-O-O Rb8 14. Nd2 Nd5
15. Nc4 Be7 16. Be4 Nxe3 17. fxe3 g6 18. h4 Ba6 19. Qa4+ Bb5 20. Qa5 Qxa5 21.
Nxa5 O-O 22. Nc6 Bxc6 23. Bxc6 Rb6 24. Rd7 Bf6 25. Be4 Ra6 26. a3 h5 27. Bc2 Kg7
28. Rc7 Ra5 29. Bb3 Re8 30. Kc2 Re7 31. Rxe7 Bxe7 32. Bc4 Bd8 1/2-1/2